header

Disability in Twentieth-century German culture (Record no. 98125)

MARC details
000 -LEADER
fixed length control field 01443nam a2200349Ia 4500
100 1# - MAIN ENTRY--AUTHOR NAME
Personal name Poore, Carol.
245 10 - TITLE STATEMENT
Title Disability in Twentieth-century German culture
260 ## - PUBLICATION, DISTRIBUTION, ETC. (IMPRINT)
Place of publication Ann Arbor :
Name of publisher Univ of Michigan Pr.,
Year of publication 2009, c2007.
300 ## - PHYSICAL DESCRIPTION
Number of Pages xxii, 407 p. :
Other physical details ill.
490 1# - SERIES STATEMENT
Series statement Corporealities : discourses of disability
650 #0 - SUBJECT ADDED ENTRY--TOPICAL TERM
Topical Term People with disabilities
Topical Term People with disabilities
Topical Term Public opinion
Topical Term People with disabilities
Topical Term People with disabilities
856 40 - ELECTRONIC LOCATION AND ACCESS
Uniform Resource Identifier http://site.ebrary.com/lib/rucke/Doc?id=10371915

No items available.

© 2026 Rongo University
Contact us: librarian | system librarian | Rongo university